A Song of Ice and Fire Nicknames Quiz Stats

 Plays Quiz Updated Jun 3, 2012

Challenge
Share
Tweet
Embed
Score 0/20 Timer 06:00
0 Plays Today
Nickname Character % Correct
The ImpTyrion Lannister
96.8%
The KingslayerJaime Lannister
95.5%
The HoundSandor Clegane
88.9%
The Mountain That RidesGregor Clegane
87.1%
LittlefingerPetyr Baelish
86.4%
The Knight of the FlowersLoras Tyrell
81.2%
The Onion KnightDavos Seaworth
80.4%
The King Beyond the WallMance Rayder
77.4%
Lady Stoneheart Catelyn Stark
73.8%
The Red ViperOberyn Martell
68%
Nickname Character % Correct
The Beggar KingViserys Targaryen
64.6%
The Old BearJeor Mormont
62.8%
The BlackfishBrynden Tully
62%
The Leech LordRoose Bolton
53%
The Lightning LordBeric Dondarrion
52.6%
Crows EyeEuron Greyjoy
51.2%
Sword of the MorningArthur Dayne
48.5%
DamphairAeron Greyjoy
46.8%
The DragonknightAemon Targaryen
40.1%
DarkstarGerold Dayne
26.5%

You're not logged in!

Compare scores with friends on all Sporcle quizzes.
Join for Free
OR
Log In

You Might Also Like...

Show Comments

Extras

Top Quizzes Today


Score Distribution

Your Account Isn't Verified!

In order to create a playlist on Sporcle, you need to verify the email address you used during registration. Go to your Sporcle Settings to finish the process.

Report this User

Report this user for behavior that violates our Community Guidelines.

Details: